| 000 | 01037nam a2200241Ia 4500 | ||
|---|---|---|---|
| 999 |
_c52191 _d52191 |
||
| 003 | GCL | ||
| 005 | 20240530104955.0 | ||
| 008 | 140319s9999 xx 000 0 ara d | ||
| 040 |
_aGCL / _cGCL |
||
| 082 | 0 | 4 |
_a025.179 _bا ت |
| 100 | 1 | _aاحمد الطويل | |
| 245 | 1 | 0 |
_aتقنيات المصغرات الفيلمية : _bالمكونات والاعداد الانتاج وضبط الجودة - النظم والحجية القانونية / _cاحمد الطويل |
| 260 |
_aالقاهرة : _bمركز الاسكندرية للوسائط الثقافية والمكتبات ، _c1998 |
||
| 300 |
_a307 ص ؛ _c24 سم |
||
| 490 |
_aسلسلة المعلومات والحاسب الالكترونى _v0 |
||
| 650 | 0 | 4 | _aالميكروفيلم |
| 650 | 0 | 4 | _aالمصغرات الفيلمية |
| 650 | 0 | 4 | _aالمواد غير المطبوعة |
| 650 | 0 | 4 | _aالمصغرات الفيلمية - تخزين |
| 700 | 1 | _aمحمد عبدالخالق علام (مراجع) | |
| 700 | 1 | _aشوقى سالم | |
| 942 |
_2ddc _cBK |
||